| 000 | 00640cas a22002055a 4500 | ||
|---|---|---|---|
| 001 | L154863 | ||
| 008 | 120124d19901993xxkar eng u | ||
| 035 | _a(Sirsi) u154863 | ||
| 041 | 0 | _aeng | |
| 110 | 2 |
_aRoyal Institution of Chartered Surveyors _94900 |
|
| 245 | 0 | 0 | _aStructure of HQ |
| 260 |
_aLondon _bRICS _c1990-1993 |
||
| 362 | 0 | _a1990-1993 | |
| 520 | _aLists senior staff and their responsibilities, together with members of councils and committees. Includes an organisation chart. | ||
| 554 | _aOne per year | ||
| 651 | 4 |
_aUnited Kingdom _y |
|
| 690 | _aBusiness and management | ||
| 780 | 0 | 0 | _tWho's who at HQ |
| 942 | _n0 | ||
| 999 |
_c119368 _d119368 |
||